[Event "Junior Online 4NCL Division 2"]
[Site "online"]
[Date "2020.09.17"]
[Round "3.158"]
[White "Madoc, Arthur"]
[Black "Dewis, Oliver"]
[Result "1-0"]
[WhiteElo "1285"]
[BlackElo "1075"]
[PlyCount "109"]
[EventDate "2020.09.17"]
[WhiteTeam "Warwickshire Bears E"]
[BlackTeam "SASCA Sharks"]

1. e4 c5 2. Bc4 Nf6 3. Nc3 e5 4. Nf3 Nc6 5. O-O d6 6. h3 Be6 7. Bb3 Bxb3 8.
axb3 Be7 9. d3 O-O 10. Be3 d5 11. exd5 Nxd5 12. Nxd5 Qxd5 13. c4 Qd6 14. Qc2
Rad8 15. Rfd1 Rd7 16. Rd2 Bd8 17. Rad1 Ba5 18. Re2 Bc7 19. Ng5 Nb4 20. Qb1 g6
21. Ne4 Qe7 22. Bg5 f6 23. Bh6 Rfd8 24. Red2 Rxd3 25. Rxd3 Nxd3 26. Rxd3 Rxd3
27. Qxd3 Qe8 28. Qd5+ Kh8 29. Qxc5 Qg8 30. Nxf6 Bb6 31. Qxb6 axb6 32. Nxg8 Kxg8
33. Kh2 Kf7 34. Kg3 Kf6 35. Kf3 Kf5 36. g4+ Kf6 37. h4 b5 38. Bg5+ Kf7 39. Ke4
bxc4 40. bxc4 Ke6 41. b4 b6 42. f4 exf4 43. Bxf4 Kf6 44. g5+ Kf7 45. Ke5 Ke7
46. c5 bxc5 47. bxc5 Kf7 48. c6 Ke7 49. Kd5 Kd8 50. c7+ Kc8 51. Kd6 Kb7 52. Kd7
Kb6 53. c8=Q h6 54. Qc6+ Ka5 55. Bd2# 1-0

[Event "Junior Online 4NCL Division 2"]
[Site "online"]
[Date "2020.09.17"]
[Round "3.161"]
[White "Munshi, Aryan"]
[Black "Heard, Tom"]
[Result "1-0"]
[WhiteElo "1403"]
[BlackElo "1540"]
[PlyCount "133"]
[EventDate "2020.09.17"]
[WhiteTeam "Phones Juniors A"]
[BlackTeam "KJCA Young Kestrels E"]

1. d4 d5 2. c4 e6 3. Nf3 c5 4. e3 Nc6 5. Nc3 Nf6 6. cxd5 exd5 7. Be2 Bg4 8.
dxc5 Bxc5 9. h3 Bh5 10. O-O O-O 11. b3 a6 12. Bb2 Qd7 13. Na4 Be7 14. Nb6 Qd6
15. Nxa8 Rxa8 16. Nh2 Bxe2 17. Qxe2 Bd8 18. Ng4 Nxg4 19. Qxg4 g6 20. Rad1 Bc7
21. g3 Ne5 22. Bxe5 Qxe5 23. Qd4 Qh5 24. Kg2 Rd8 25. Rc1 Be5 26. Qh4 Qf5 27.
Qxd8+ Kg7 28. Qxd5 Qf6 29. Qf3 Qd6 30. Rfd1 Qa3 31. Rc2 h5 32. Rd7 Qf8 33. Qxb7
Qe8 34. Rcc7 Bxc7 35. Rxc7 Qe6 36. Re7 Qf5 37. Rxf7+ Qxf7 38. Qxf7+ Kxf7 39.
Kf3 Kf6 40. h4 Kf5 41. e4+ Ke5 42. Ke3 a5 43. f4+ Kd6 44. Kd4 Ke6 45. a3 Kd6
46. b4 a4 47. e5+ Ke6 48. Kc5 Kf5 49. Kd6 Kg4 50. e6 Kxg3 51. e7 Kxh4 52. e8=Q
Kg4 53. Qxg6+ Kh4 54. f5 Kh3 55. Qxh5+ Kg3 56. f6 Kf2 57. f7 Ke1 58. f8=Q Kd2
59. Qf2+ Kc3 60. Qhf3+ Kc4 61. Qh4+ Kb5 62. Qf5+ Kb6 63. Qd4+ Ka6 64. Qc4+ Kb6
65. Qfb5+ Ka7 66. Qc7+ Ka8 67. Qbb7# 1-0

[Event "Junior Online 4NCL Division 2"]
[Site "online"]
[Date "2020.09.17"]
[Round "3.162"]
[White "Gaekwad, Ankit"]
[Black "Vadalia, Jainill"]
[Result "0-1"]
[WhiteElo "1517"]
[BlackElo "1140"]
[PlyCount "52"]
[EventDate "2020.09.17"]
[WhiteTeam "KJCA Young Kestrels E"]
[BlackTeam "Phones Juniors A"]

1. d4 Nf6 2. Bf4 d5 3. e3 c5 4. Nf3 Nc6 5. c3 Bf5 6. Nbd2 e6 7. h3 cxd4 8. exd4
Bd6 9. Ne5 Qc7 10. Ndf3 Nd7 11. Qe2 Be4 12. Nxd7 Qxd7 13. Bxd6 Qxd6 14. Nd2 Bg6
15. Qd1 O-O 16. h4 h6 17. Nf3 e5 18. h5 Bh7 19. Be2 Rfe8 20. O-O e4 21. Nd2 e3
22. fxe3 Rxe3 23. Rf3 Rae8 24. Nf1 Rxe2 25. Nh2 Bc2 26. Qf1 Qe6 0-1

[Event "Junior Online 4NCL Division 2"]
[Site "online"]
[Date "2020.09.17"]
[Round "3.163"]
[White "Lukhi, Neev"]
[Black "Zhao, Wenyi"]
[Result "1-0"]
[WhiteElo "1003"]
[BlackElo "1540"]
[PlyCount "71"]
[EventDate "2020.09.17"]
[WhiteTeam "Phones Juniors A"]
[BlackTeam "KJCA Young Kestrels E"]

1. d4 d5 2. Bf4 c5 3. e3 Nc6 4. Nf3 Nf6 5. Nbd2 Bg4 6. h3 Bh5 7. Be2 e6 8. c3
Be7 9. O-O O-O 10. Qc2 Bg6 11. Qd1 h6 12. c4 b6 13. a3 a5 14. Ne5 Nxe5 15. Bxe5
Nd7 16. Bh2 Nf6 17. Rc1 Bd6 18. Bxd6 Qxd6 19. Qb3 Ne8 20. Bf3 Nc7 21. Rfd1 f6
22. cxd5 exd5 23. Ne4 Qe6 24. Ng3 f5 25. dxc5 bxc5 26. Rxc5 Rab8 27. Qc3 Nb5
28. Qxa5 Qd6 29. Rxb5 Rxb5 30. Qxb5 Rb8 31. Qxd5+ Bf7 32. Qxd6 Rxb2 33. Bd5
Bxd5 34. Qxd5+ Kh8 35. Nxf5 Rb8 36. Qf7 1-0

[Event "Junior Online 4NCL Division 2"]
[Site "online"]
[Date "2020.09.17"]
[Round "3.164"]
[White "Shkuratovskyi, Makariy"]
[Black "Kumar, Kabir"]
[Result "0-1"]
[WhiteElo "1375"]
[BlackElo "749"]
[PlyCount "46"]
[EventDate "2020.09.17"]
[WhiteTeam "KJCA Young Kestrels E"]
[BlackTeam "Phones Juniors A"]

1. e4 e5 2. Nf3 Nc6 3. Bc4 Nf6 4. Ng5 d5 5. exd5 Na5 6. Bb5+ c6 7. dxc6 Nxc6 8.
Bxc6+ bxc6 9. O-O Ba6 10. Re1 Nd7 11. d4 f6 12. Nf3 Bd6 13. dxe5 fxe5 14. Bf4
O-O 15. Bxe5 Nxe5 16. Nxe5 Bxe5 17. Qxd8 Raxd8 18. Nc3 Bd4 19. Re6 Rxf2 20.
Rxc6 Rf6+ 21. Kh1 Rxc6 22. Rd1 Rf6 23. Ne2 Bxe2 0-1

[Event "Junior Online 4NCL Division 2"]
[Site "online"]
[Date "2020.09.17"]
[Round "3.165"]
[White "Heard, Tom"]
[Black "Munshi, Aryan"]
[Result "0-1"]
[WhiteElo "1540"]
[BlackElo "1403"]
[PlyCount "114"]
[EventDate "2020.09.17"]
[WhiteTeam "KJCA Young Kestrels E"]
[BlackTeam "Phones Juniors A"]

1. e4 e5 2. Nf3 Nc6 3. Bc4 Bc5 4. c3 Nf6 5. d3 d6 6. a4 a5 7. Nbd2 Be6 8. Bxe6
fxe6 9. Nf1 Bb6 10. Qb3 Qe7 11. Ng3 O-O 12. Bg5 h6 13. Bh4 Qf7 14. O-O Nh7 15.
Ne2 Ne7 16. d4 exd4 17. cxd4 Ng6 18. Bg3 Rae8 19. e5 d5 20. h4 Ne7 21. Nf4 Nf5
22. Bh2 g5 23. hxg5 Nxg5 24. Nxg5 hxg5 25. Nh3 g4 26. Nf4 Nxd4 27. Qg3 Qxf4 28.
Qd3 Qf5 29. Qa3 Kg7 30. Rad1 Rh8 31. Rfe1 Nc2 32. Qg3 Nxe1 33. Rxe1 Bxf2+ 34.
Qxf2 Qxf2+ 35. Kxf2 Rxh2 36. Kg3 Rh6 37. Kxg4 Rg6+ 38. Kf3 Rf8+ 39. Ke3 Rg3+
40. Kd4 b6 41. Rc1 c5+ 42. Rxc5 bxc5+ 43. Kxc5 Rc8+ 44. Kd6 Kf7 45. Kd7 Rb8 46.
Kd6 Rxb2 47. Kc5 d4 48. Kxd4 Rb4+ 49. Kc5 Rxa4 50. Kd6 Rd3+ 51. Kc5 Rb4 52. Kc6
Rc4+ 53. Kb5 Rc2 54. Kxa5 Rb3 55. Ka4 Rb8 56. Ka3 Rc7 57. Ka4 Ra7# 0-1

[Event "Junior Online 4NCL Division 2"]
[Site "online"]
[Date "2020.09.17"]
[Round "3.166"]
[White "Vadalia, Jainill"]
[Black "Gaekwad, Ankit"]
[Result "1-0"]
[WhiteElo "1140"]
[BlackElo "1517"]
[PlyCount "117"]
[EventDate "2020.09.17"]
[WhiteTeam "Phones Juniors A"]
[BlackTeam "KJCA Young Kestrels E"]

1. d4 Nf6 2. c4 g6 3. Nc3 Bg7 4. e4 d6 5. Nf3 O-O 6. Be2 e5 7. d5 Nbd7 8. Be3
Ng4 9. Bg5 Ngf6 10. O-O a5 11. a3 h6 12. Bxf6 Nxf6 13. h3 h5 14. Qc2 Kh7 15.
Ng5+ Kg8 16. b4 axb4 17. axb4 Bd7 18. Nf3 Rxa1 19. Rxa1 Nh7 20. c5 f5 21. exf5
Bxf5 22. Bd3 e4 23. Bxe4 Bxe4 24. Qxe4 Bxc3 25. Qxg6+ Bg7 26. Re1 Qf6 27. Qxh5
Qh6 28. Qg4 Nf6 29. Qe6+ Kh8 30. cxd6 cxd6 31. Qxd6 Ne8 32. Qd7 Qg6 33. Nh4 Qf7
34. Qxf7 Rxf7 35. Rxe8+ Kh7 36. d6 Rd7 37. Re7 Rxd6 38. Nf5 Rg6 39. Rxg7+ Rxg7
40. Nxg7 Kxg7 41. Kf1 Kf6 42. Ke2 b5 43. Kd3 Ke5 44. Ke3 Kf5 45. Kd4 Ke6 46.
Kc5 Kd7 47. Kxb5 Kc7 48. h4 Kb7 49. h5 Ka7 50. h6 Kb7 51. h7 Ka7 52. h8=Q Kb7
53. Qg7+ Ka8 54. Qf7 Kb8 55. g4 Ka8 56. g5 Kb8 57. g6 Ka8 58. g7 Kb8 59. g8=Q#
1-0

[Event "Junior Online 4NCL Division 2"]
[Site "online"]
[Date "2020.09.17"]
[Round "3.167"]
[White "Zhao, Wenyi"]
[Black "Lukhi, Neev"]
[Result "0-1"]
[WhiteElo "1540"]
[BlackElo "1003"]
[PlyCount "142"]
[EventDate "2020.09.17"]
[WhiteTeam "KJCA Young Kestrels E"]
[BlackTeam "Phones Juniors A"]

1. d4 Nf6 2. c4 g6 3. Nc3 d5 4. Nf3 Bg7 5. Bf4 O-O 6. e3 Nc6 7. Bd3 dxc4 8.
Bxc4 Bf5 9. O-O a6 10. a4 Na5 11. Ba2 Ne4 12. Nxe4 Bxe4 13. Be5 Nc6 14. Bxg7
Kxg7 15. Nd2 Bd5 16. Bxd5 Qxd5 17. f3 Rfd8 18. b3 Kg8 19. Nc4 b5 20. axb5 axb5
21. Nb2 Rxa1 22. Qxa1 Qxb3 23. e4 Nxd4 24. Rd1 Ne2+ 25. Kf2 Rxd1 26. Nxd1 Qc2
27. Qa8+ Kg7 28. Qa1+ f6 29. Ne3 Qd3 30. Nd5 Qd4+ 31. Qxd4 Nxd4 32. Nxe7 b4 33.
Nd5 c5 34. Ke3 b3 35. Nc3 b2 36. Kd3 Kf7 37. Kc4 Ne2 38. Nb1 Ke6 39. Kxc5 Ke5
40. Kc4 Kf4 41. Kd3 Ng1 42. Kc2 Nxf3 43. gxf3 Kxf3 44. Nd2+ Ke3 45. Nb1 Kxe4
46. Kxb2 Kf3 47. Nd2+ Kg2 48. Ne4 f5 49. Ng5 Kxh2 50. Nxh7 Kg3 51. Ng5 f4 52.
Ne4+ Kf3 53. Ng5+ Kg4 54. Ne4 f3 55. Kc2 Kf4 56. Kd3 g5 57. Nf2 g4 58. Kd2 g3
59. Nh3+ Kg4 60. Ng1 f2 61. Ne2 f1=Q 62. Nxg3 Kxg3 63. Ke3 Qe1+ 64. Kd3 Kf3 65.
Kd4 Qe3+ 66. Kd5 Kf4 67. Kd6 Qe5+ 68. Kd7 Kf5 69. Kd8 Qg7 70. Ke8 Ke6 71. Kd8
Qd7# 0-1

[Event "Junior Online 4NCL Division 2"]
[Site "online"]
[Date "2020.09.17"]
[Round "3.168"]
[White "Kumar, Kabir"]
[Black "Shkuratovskyi, Makariy"]
[Result "0-1"]
[WhiteElo "749"]
[BlackElo "1375"]
[PlyCount "44"]
[EventDate "2020.09.17"]
[WhiteTeam "Phones Juniors A"]
[BlackTeam "KJCA Young Kestrels E"]

1. e4 c5 2. d4 cxd4 3. Qxd4 Nc6 4. Qd1 d6 5. Nc3 Nf6 6. Nf3 g6 7. Bg5 Bg7 8.
Bb5 Bd7 9. Nd5 Nxd5 10. exd5 Ne5 11. Nxe5 Bxe5 12. Bxd7+ Qxd7 13. O-O Bxb2 14.
Rb1 Bg7 15. Qe2 f6 16. Bd2 O-O 17. Qe6+ Qxe6 18. dxe6 f5 19. Rxb7 Rfe8 20. Re1
a6 21. Reb1 Rac8 22. Bg5 Bf8 0-1

[Event "Junior Online 4NCL Division 2"]
[Site "online"]
[Date "2020.10.01"]
[Round "4.11"]
[White "Karjodkar, Praneeta"]
[Black "Shahameeran, Ashika"]
[Result "1-0"]
[WhiteElo "1202"]
[BlackElo "1330"]
[PlyCount "59"]
[EventDate "2020.10.01"]
[WhiteTeam "Harrow Juniors D"]
[BlackTeam "St John's College B"]

1. e4 e5 2. Nf3 Nc6 3. Bc4 Bc5 4. Nc3 Nf6 5. d3 h6 6. Be3 Bxe3 7. fxe3 d6 8. h3
O-O 9. O-O Qe7 10. Qe2 Na5 11. Bd5 c6 12. Bc4 b5 13. Bb3 Nxb3 14. axb3 Bb7 15.
b4 d5 16. exd5 cxd5 17. Nxb5 Qxb4 18. c4 e4 19. dxe4 Nxe4 20. Qd3 dxc4 21. Qd7
Nc5 22. Qg4 Qxb5 23. Nh4 Bc8 24. Nf5 Bxf5 25. Qxf5 Qc6 26. Rae1 Nd3 27. Rd1
Nxb2 28. Rd7 f6 29. Re7 c3 30. Qg6 1-0

[Event "Junior Online 4NCL Division 2"]
[Site "online"]
[Date "2020.10.01"]
[Round "4.12"]
[White "Nukalapati, Sarthak"]
[Black "Cann, Arthur"]
[Result "1-0"]
[WhiteElo "1232"]
[BlackElo "1172"]
[PlyCount "35"]
[EventDate "2020.10.01"]
[WhiteTeam "St John's College B"]
[BlackTeam "Harrow Juniors D"]

1. e4 e5 2. Nf3 Nc6 3. Nc3 Bb4 4. d3 Nf6 5. Be2 Nd4 6. O-O Nxe2+ 7. Qxe2 d6 8.
Bg5 c6 9. d4 Bg4 10. h3 Bxf3 11. Qxf3 Bxc3 12. bxc3 exd4 13. cxd4 O-O 14. e5
dxe5 15. dxe5 h6 16. Bxf6 gxf6 17. exf6 Qxf6 18. Qxf6 1-0

[Event "Junior Online 4NCL Division 2"]
[Site "online"]
[Date "2020.10.01"]
[Round "4.13"]
[White "Evans, Joseph"]
[Black "Anandkumar, Govind"]
[Result "0-1"]
[WhiteElo "1135"]
[BlackElo "1217"]
[PlyCount "88"]
[EventDate "2020.10.01"]
[WhiteTeam "Harrow Juniors D"]
[BlackTeam "St John's College B"]

1. c4 Nf6 2. g3 c6 3. Bg2 d5 4. cxd5 cxd5 5. e3 e6 6. Ne2 Bd6 7. O-O O-O 8. d4
h6 9. Nbc3 Bd7 10. e4 dxe4 11. Nxe4 Nxe4 12. Bxe4 Bc6 13. Bc2 Nd7 14. Nc3 Nf6
15. f4 Bb4 16. f5 Bxc3 17. bxc3 Qd5 18. Qe2 Bb5 19. Bd3 Bc6 20. Bf4 Qh1+ 21.
Kf2 Qg2+ 22. Ke1 Qd5 23. Be5 Qd8 24. Bxf6 Qxf6 25. Kd2 Qg5+ 26. Kc2 Ba4+ 27.
Kb2 exf5 28. Bxf5 Rfe8 29. Qg4 Qd2+ 30. Ka3 Bb5 31. Bh7+ Kxh7 32. Qf5+ Kh8 33.
Qxb5 Qxc3+ 34. Qb3 Qxd4 35. Rad1 Qc5+ 36. Qb4 Qxb4+ 37. Kxb4 Re4+ 38. Kc3 Kg8
39. Kd3 Ra4 40. Rf2 Rd8+ 41. Ke2 Rxa2+ 42. Ke1 Rxd1+ 43. Kxd1 Rxf2 44. Ke1 Rxh2
0-1

[Event "Junior Online 4NCL Division 2"]
[Site "online"]
[Date "2020.10.01"]
[Round "4.15"]
[White "Shahameeran, Ashika"]
[Black "Karjodkar, Praneeta"]
[Result "1-0"]
[WhiteElo "1330"]
[BlackElo "1202"]
[PlyCount "33"]
[EventDate "2020.10.01"]
[WhiteTeam "St John's College B"]
[BlackTeam "Harrow Juniors D"]

1. e4 e5 2. Nf3 Nc6 3. Nc3 Bc5 4. Nxe5 Nxe5 5. d4 Bd6 6. dxe5 Bxe5 7. Bd3 Nf6
8. O-O h6 9. Nd5 Nxd5 10. exd5 d6 11. Re1 O-O 12. c3 Qf6 13. Qc2 Re8 14. Be3
Qh4 15. h3 Qf6 16. Bd4 Bxd4 17. Rxe8# 1-0

[Event "Junior Online 4NCL Division 2"]
[Site "online"]
[Date "2020.10.01"]
[Round "4.16"]
[White "Cann, Arthur"]
[Black "Nukalapati, Sarthak"]
[Result "0-1"]
[WhiteElo "1172"]
[BlackElo "1232"]
[PlyCount "146"]
[EventDate "2020.10.01"]
[WhiteTeam "Harrow Juniors D"]
[BlackTeam "St John's College B"]

1. d4 e5 2. d5 d6 3. c4 Nf6 4. b3 Bf5 5. Nc3 c6 6. Bg5 Qa5 7. Qd2 Be7 8. Bxf6
Bxf6 9. e4 Bg6 10. h4 h6 11. f3 cxd5 12. Nxd5 Qxd2+ 13. Kxd2 Nc6 14. Nc7+ Kd7
15. Nxa8 Rxa8 16. g4 h5 17. Bh3 Kc7 18. g5 Be7 19. Ne2 Nd4 20. Nxd4 exd4 21.
Kd3 f6 22. f4 Rf8 23. f5 Bh7 24. g6 Bg8 25. Kxd4 Kc6 26. a4 Bd8 27. b4 Bb6+ 28.
Kd3 Kd7 29. a5 Bc7 30. Rhd1 Re8 31. Kd4 d5 32. cxd5 Be5+ 33. Kc4 Bxa1 34. Rxa1
Rxe4+ 35. Kc5 Rxh4 36. Bf1 Re4 37. Bb5+ Kc7 38. d6+ Kd8 39. Rd1 a6 40. Ba4 Rf4
41. Rd5 Bxd5 42. Kxd5 Rxb4 43. Bd1 h4 44. Ke6 h3 45. Kf7 h2 46. Bf3 Rf4 47.
Bxb7 Rxf5 48. Kxg7 Ke8 49. Bc6+ Kd8 50. Kf7 Rh5 51. g7 Rh7 52. Kf8 Rxg7 53.
Kxg7 f5 54. Kf6 f4 55. Ke5 f3 56. d7 h1=Q 57. Bb7 Qh5+ 58. Kf4 Qf7+ 59. Ke3
Qxd7 60. Bxf3 Qe6+ 61. Kf2 Qa2+ 62. Kg3 Qxa5 63. Kf4 Qd2+ 64. Kg3 Qe3 65. Kg4
a5 66. Kg3 a4 67. Kg4 a3 68. Kg3 a2 69. Kg4 a1=Q 70. Kg3 Qae5+ 71. Kg4 Q3f4+
72. Kh3 Qxf3+ 73. Kh4 Qeh5# 0-1

[Event "Junior Online 4NCL Division 2"]
[Site "online"]
[Date "2020.10.01"]
[Round "4.17"]
[White "Anandkumar, Govind"]
[Black "Evans, Joseph"]
[Result "1-0"]
[WhiteElo "1217"]
[BlackElo "1135"]
[PlyCount "71"]
[EventDate "2020.10.01"]
[WhiteTeam "St John's College B"]
[BlackTeam "Harrow Juniors D"]

1. e4 c5 2. Bc4 e6 3. Nc3 Ne7 4. Be2 g6 5. Nf3 Bg7 6. O-O O-O 7. d3 b6 8. Be3
Bb7 9. Qd2 Nbc6 10. Bh6 d5 11. Bxg7 Kxg7 12. exd5 exd5 13. h3 d4 14. Nb5 a6 15.
Na3 b5 16. c3 b4 17. cxb4 cxb4 18. Nc4 Na5 19. Qxb4 Nxc4 20. Qxc4 Rc8 21. Qb4
Qd7 22. Nxd4 Nc6 23. Nxc6 Bxc6 24. Bg4 Qd5 25. f3 Rb8 26. Qc3+ Kg8 27. h4 h5
28. Bh3 Rfc8 29. Qd2 Bd7 30. Bxd7 Qxd7 31. b3 Rb7 32. Rad1 Rbc7 33. Qf2 Qd6 34.
Rfe1 Kf8 35. Qb2 Rc2 36. Qh8# 1-0

[Event "Junior Online 4NCL Division 2"]
[Site "online"]
[Date "2020.10.01"]
[Round "4.21"]
[White "Anand, Dhriti"]
[Black "McAndrew, Max"]
[Result "1-0"]
[WhiteElo "1495"]
[BlackElo "1367"]
[PlyCount "103"]
[EventDate "2020.10.01"]
[WhiteTeam "May The Fork Be With You 2"]
[BlackTeam "Ojays E"]

1. b3 e5 2. Bb2 Nc6 3. e3 d5 4. Bb5 Bd6 5. f4 Qf6 6. Nf3 Bd7 7. Bxc6 Bxc6 8.
fxe5 Bxe5 9. Bxe5 Qg6 10. O-O f6 11. Bxc7 Rc8 12. Ba5 b6 13. Bc3 Ne7 14. Nd4
Bb7 15. Na3 O-O 16. Bb4 Rfe8 17. Bxe7 Rxe7 18. Qf3 Rf8 19. Qf5 Qf7 20. Nab5 g6
21. Qf3 Rd7 22. Nxa7 Ba6 23. Nab5 Qe8 24. c4 Bb7 25. Qe2 Qe5 26. Nf3 Qf5 27.
cxd5 Qxd5 28. Qc4 Ba6 29. Qxd5+ Rxd5 30. Nc7 Bxf1 31. Nxd5 Bd3 32. Nb4 Bb5 33.
Nd4 Bd7 34. Rf1 f5 35. d3 Re8 36. Nd5 b5 37. Nf6+ Kf7 38. Nxe8 Kxe8 39. e4 f4
40. g3 fxg3 41. hxg3 Bh3 42. Rf2 h5 43. Nc6 g5 44. d4 h4 45. gxh4 gxh4 46. d5
Bd7 47. e5 h3 48. e6 Bc8 49. e7 Bb7 50. Rf8+ Kd7 51. e8=Q+ Kc7 52. Qd8# 1-0

[Event "Junior Online 4NCL Division 2"]
[Site "online"]
[Date "2020.10.01"]
[Round "4.23"]
[White "Walia, Michael Kanishk"]
[Black "Deeke, James"]
[Result "1-0"]
[WhiteElo "1405"]
[BlackElo "1345"]
[PlyCount "63"]
[EventDate "2020.10.01"]
[WhiteTeam "May The Fork Be With You 2"]
[BlackTeam "Ojays E"]

1. e4 e5 2. Nf3 Nc6 3. d4 d6 4. Bb5 a6 5. Bxc6+ bxc6 6. dxe5 Bg4 7. exd6 Bxf3
8. Qxf3 cxd6 9. O-O Be7 10. Re1 Qd7 11. Nc3 Nf6 12. Bg5 h6 13. Bxf6 Bxf6 14.
Rad1 O-O 15. e5 Be7 16. exd6 Bxd6 17. Ne4 Bxh2+ 18. Kxh2 Qc7+ 19. Kg1 Rfe8 20.
Ng3 Rxe1+ 21. Rxe1 Qa5 22. Ra1 Rb8 23. b3 Qe5 24. Rf1 Qc5 25. c4 Qa3 26. Qxc6
Qxa2 27. c5 Rxb3 28. Qe8+ Kh7 29. Qxf7 Qc2 30. Nf5 Qc3 31. Ne7 h5 32. Qxh5# 1-0

[Event "Junior Online 4NCL Division 2"]
[Site "online"]
[Date "2020.10.01"]
[Round "4.24"]
[White "Conlon, Alexander"]
[Black "Gill, Veer"]
[Result "1-0"]
[WhiteElo "1285"]
[BlackElo "1352"]
[PlyCount "149"]
[EventDate "2020.10.01"]
[WhiteTeam "Ojays E"]
[BlackTeam "May The Fork Be With You 2"]

1. c4 e6 2. Nc3 d5 3. cxd5 exd5 4. g3 Nf6 5. Bg2 Bc5 6. e3 Bg4 7. Nge2 Nc6 8.
d4 Be7 9. O-O O-O 10. h3 Bh5 11. g4 Bg6 12. a3 h5 13. gxh5 Bxh5 14. Qd2 Bd6 15.
Nf4 Bxf4 16. exf4 Bg6 17. Re1 Qd7 18. Qd1 Rfe8 19. Be3 Ne4 20. Nxe4 Bxe4 21.
Bd2 Bxg2 22. Rxe8+ Rxe8 23. Kxg2 Qe6 24. Be3 Qg6+ 25. Qg4 Qe4+ 26. Qf3 Qxf3+
27. Kxf3 Re6 28. Rg1 Rh6 29. Rh1 Na5 30. f5 Rf6 31. Kf4 Nc4 32. Rc1 g6 33. Kg5
Rxf5+ 34. Kg4 Rf6 35. Bg5 Rxf2 36. Re1 Nd6 37. Re7 f5+ 38. Kg3 Rxb2 39. Rxc7
Rb3+ 40. Kf4 Rxa3 41. Be7 Nb5 42. Rc8+ Kf7 43. Bxa3 Nxa3 44. Rc7+ Ke6 45. Rxb7
a5 46. Ra7 Nc4 47. Ra6+ Kf7 48. Kg5 Ne3 49. Rxa5 Ng2 50. Rxd5 f4 51. Rd6 Ke7
52. Rf6 Kd7 53. Rxf4 Nxf4 54. Kxf4 Ke6 55. Kg5 Kf7 56. d5 Ke7 57. Kxg6 Kd6 58.
h4 Kxd5 59. h5 Ke6 60. h6 Ke7 61. h7 Kd6 62. h8=Q Kd5 63. Qe8 Kd4 64. Qe6 Kd3
65. Qe5 Kd2 66. Qe4 Kc3 67. Qd5 Kb4 68. Qc6 Ka5 69. Qb7 Ka4 70. Qb6 Ka3 71. Qb5
Ka2 72. Kf5 Ka3 73. Ke4 Ka2 74. Kd3 Ka1 75. Kc2 1-0

[Event "Junior Online 4NCL Division 2"]
[Site "online"]
[Date "2020.10.01"]
[Round "4.25"]
[White "McAndrew, Max"]
[Black "Anand, Dhriti"]
[Result "0-1"]
[WhiteElo "1367"]
[BlackElo "1495"]
[PlyCount "62"]
[EventDate "2020.10.01"]
[WhiteTeam "Ojays E"]
[BlackTeam "May The Fork Be With You 2"]

1. e4 c5 2. Nf3 d6 3. d4 cxd4 4. Nxd4 Nf6 5. Nc3 a6 6. Bf4 e5 7. Bxe5 dxe5 8.
Nf5 Qxd1+ 9. Nxd1 Bxf5 10. exf5 Be7 11. Ne3 Nc6 12. O-O-O O-O 13. Bc4 Rad8 14.
Nd5 Nxd5 15. Bxd5 Bg5+ 16. Kb1 Rd7 17. Bxc6 Rxd1+ 18. Rxd1 bxc6 19. Rd6 Rd8 20.
Rxd8+ Bxd8 21. g4 Kf8 22. h4 Bxh4 23. f4 exf4 24. c4 f3 25. b4 f2 26. b5 f1=Q+
27. Kc2 Qxc4+ 28. Kb2 Be1 29. bxa6 Qb4+ 30. Kc2 Qc3+ 31. Kd1 Qd2# 0-1

[Event "Junior Online 4NCL Division 2"]
[Site "online"]
[Date "2020.10.01"]
[Round "4.26"]
[White "Shah, Rahul"]
[Black "McAndrew, Rory"]
[Result "1-0"]
[WhiteElo "1502"]
[BlackElo "1375"]
[PlyCount "61"]
[EventDate "2020.10.01"]
[WhiteTeam "May The Fork Be With You 2"]
[BlackTeam "Ojays E"]

1. d4 d5 2. c4 dxc4 3. Nc3 Nf6 4. e3 Bf5 5. Bxc4 Nc6 6. Qb3 e6 7. Qxb7 Bb4 8.
Qxc6+ Nd7 9. Qa4 Bxc3+ 10. bxc3 O-O 11. Ba3 Re8 12. Bb5 e5 13. Ne2 exd4 14.
cxd4 Rb8 15. Ng3 Be6 16. O-O a6 17. Qxa6 Ra8 18. Qc6 Rxa3 19. Ne4 Kf8 20. Nc5
Re7 21. Nxe6+ fxe6 22. Rfc1 Nb8 23. Qf3+ Rf7 24. Qh3 Qf6 25. Qg3 c6 26. Qxb8+
Ke7 27. Qc7+ Ke8 28. Bxc6+ Kf8 29. Qc8+ Ke7 30. Qd7+ Kf8 31. Qe8# 1-0

[Event "Junior Online 4NCL Division 2"]
[Site "online"]
[Date "2020.10.01"]
[Round "4.27"]
[White "Deeke, James"]
[Black "Walia, Michael Kanishk"]
[Result "0-1"]
[WhiteElo "1345"]
[BlackElo "1405"]
[PlyCount "76"]
[EventDate "2020.10.01"]
[WhiteTeam "Ojays E"]
[BlackTeam "May The Fork Be With You 2"]

1. e4 e6 2. d4 d5 3. exd5 exd5 4. Nf3 Nf6 5. Be3 Be7 6. Bd3 O-O 7. Nc3 Nc6 8.
Qd2 Bg4 9. O-O-O Bxf3 10. gxf3 a5 11. h4 a4 12. a3 Bd6 13. h5 Qe7 14. Nb5 Na7
15. Nxd6 Qxd6 16. Bh6 gxh6 17. Rdg1+ Kh8 18. Qxh6 Rg8 19. Rg4 Rxg4 20. fxg4 Ne4
21. Qxd6 Nxd6 22. g5 Rg8 23. g6 h6 24. gxf7 Nxf7 25. Bg6 Nd8 26. Rf1 Ne6 27.
Bf7 Nxd4 28. Bxg8 Kxg8 29. f4 Kf7 30. Rd1 Nac6 31. Kb1 Kf6 32. c3 Ne2 33. Rxd5
Nxf4 34. Rd7 Ne6 35. Rh7 Kg5 36. Kc2 Kxh5 37. b3 Kg5 38. Rg7+ Nxg7 0-1

[Event "Junior Online 4NCL Division 2"]
[Site "online"]
[Date "2020.10.01"]
[Round "4.28"]
[White "Gill, Veer"]
[Black "Conlon, Alexander"]
[Result "1-0"]
[WhiteElo "1352"]
[BlackElo "1285"]
[PlyCount "167"]
[EventDate "2020.10.01"]
[WhiteTeam "May The Fork Be With You 2"]
[BlackTeam "Ojays E"]

1. e4 g6 2. d4 Bg7 3. Nc3 e6 4. Nf3 Ne7 5. Bg5 b6 6. d5 exd5 7. Nxd5 Nbc6 8.
Nf6+ Bxf6 9. Bxf6 O-O 10. Qd2 d5 11. Qh6 Nf5 12. exf5 Qxf6 13. fxg6 Re8+ 14.
Be2 fxg6 15. Ng5 Qg7 16. Qxg7+ Kxg7 17. Nf3 Ba6 18. Ng1 Nd4 19. O-O-O Nxe2+ 20.
Nxe2 Rxe2 21. Rxd5 Rxf2 22. Rd7+ Rf7 23. Rhd1 Bb5 24. Rxf7+ Kxf7 25. Rd5 Bc6
26. Rd2 Re8 27. Rf2+ Kg7 28. Kd2 Rd8+ 29. Kc3 Bd5 30. Rd2 Kf7 31. Kb4 Ke7 32.
c4 Bc6 33. Re2+ Kd7 34. Rf2 Bb7 35. Rf7+ Ke8 36. Rxh7 Bxg2 37. Rxc7 Rd2 38.
Rc8+ Kd7 39. Rg8 Rxb2+ 40. Ka3 Re2 41. Rg7+ Ke6 42. Rxg6+ Kf7 43. Rh6 Re3+ 44.
Kb4 Re2 45. Rh7+ Kg6 46. Rxa7 Re4 47. Ra6 Kf5 48. Rxb6 Bf1 49. Rb5+ Kf4 50. Rc5
Kf3 51. a4 Kg2 52. a5 Kxh2 53. a6 Re8 54. a7 Ra8 55. Ra5 Bg2 56. Kb5 Bf1 57.
Kc5 Kg3 58. Kd4 Kf3 59. c5 Bh3 60. Ke5 Bd7 61. Kd6 Bg4 62. c6 Ke4 63. c7 Bc8
64. Re5+ Kd4 65. Re8 Kc4 66. Kc6 Kb4 67. Kb6 Kc4 68. Rxc8 Rxc8 69. Kb7 Rh8 70.
c8=Q+ Rxc8 71. Kxc8 Kb4 72. a8=Q Kc4 73. Qb7 Kc5 74. Kc7 Kd4 75. Kd6 Kc4 76.
Qd5+ Kb4 77. Qc5+ Kb3 78. Kd5 Kb2 79. Kd4 Kb3 80. Qc4+ Kb2 81. Qc3+ Ka2 82. Qb4
Ka1 83. Kc3 Ka2 84. Qb2# 1-0

[Event "Junior Online 4NCL Division 2"]
[Site "online"]
[Date "2020.10.01"]
[Round "4.31"]
[White "Stapleton, Dean"]
[Black "Madhavan, Sanjith"]
[Result "0-1"]
[WhiteElo "1457"]
[BlackElo "1466"]
[PlyCount "76"]
[EventDate "2020.10.01"]
[WhiteTeam "Robin Hoods 1"]
[BlackTeam "East Kilbride Knights"]

1. e4 c6 2. Nf3 d5 3. exd5 cxd5 4. d4 Nf6 5. Bd3 Nc6 6. Nc3 Bg4 7. O-O Nxd4 8.
Be2 Nxe2+ 9. Qxe2 e6 10. h3 Bxf3 11. Qxf3 Bd6 12. Bf4 O-O 13. Rfe1 Rc8 14. Nb5
Bxf4 15. Qxf4 Qb6 16. a4 a6 17. Nc3 Qxb2 18. Qd2 Qxc3 19. Qg5 Qxc2 20. Rab1 Ne4
21. Qf4 e5 22. Qf5 g6 23. Qf3 Nd2 24. Qe2 Nxb1 25. Qxc2 Rxc2 26. Rxb1 Rfc8 27.
Rxb7 R2c4 28. a5 R4c5 29. Rd7 Rxa5 30. f3 d4 31. Rd6 Rc2 32. Kh2 Raa2 33. Kh1
Rxg2 34. h4 Rh2+ 35. Kg1 Rhb2 36. Rd8+ Kg7 37. Rc8 Ra1+ 38. Rc1 Rxc1# 0-1